01031cam a2200265 a 45000010009000000050017000090080041000260100017000670200028000840400018001120500023001300820016001531000031001692450063002002600040002633000029003036500030003326500040003626500045004028560081004479060045005289420035005739990017006089520140006251241673520230727160645.0010522s2001 nyua 000 0 eng  a 2001034915 a1573221872 (alk. paper) aDLCcDLCdDLC00aBQ 5410 .N456 200100a294.3/52210 aNhất Hạnh,cThích.10aAnger :bwisdom for cooling the flames /cThich Nhat Hanh. aNew York :bRiverhead Books,c2001. a227 p. ;bill. ;c22 cm. 0aSpiritual lifexBuddhism. 0aAngerxReligious aspectsxBuddhism. 0aCompassionxReligious aspectsxBuddhism.413Sample textuhttp://www.loc.gov/catdir/enhancements/fy0720/2001034915-s.html a7bcbccorignewd1eocipf20gy-gencatlg 2lcccBOOKShBQ 5410 .N456 2001 c31762d31762 00102lcc4070aMUCbMUCcGENd2023-07-27eDonation (kimanzi)l1oBQ 5410 .N456 2001p39565r2024-03-09s2024-02-24w2023-07-27yBOOKS